| Record ID | ia:burntbreadchutne0000delm |
| Source | Internet Archive |
| Download MARC XML | https://archive.org/download/burntbreadchutne0000delm/burntbreadchutne0000delm_marc.xml |
| Download MARC binary | https://www.archive.org/download/burntbreadchutne0000delm/burntbreadchutne0000delm_meta.mrc |
LEADER: 02085cam a2200517Ia 4500
001 49226005
003 OCoLC
005 20151005035523.0
008 020214s2002 nyu 000 0aeng
010 $a2002022855
020 $a0345445937 (hc.)$c$22.95
020 $a0345445945
035 $a49226005
040 $aDLC$cDLC$dJED$dNAB$dIOU$dOCoLC$dUtOrBLW
042 $apcc
043 $an-us---$aa-ii---$aa-is---
049 $aSFRA
050 00 $aE184.37.D45$bA3 2002
082 00 $a973/.04924/0092$aB$221
092 $aB$bD38285a
100 1 $aDelman, Carmit.
245 10 $aBurnt bread and chutney :$bgrowing up between cultures : a memoir of an Indian Jewish girl /$cCarmit Delman.
250 $a1st ed.
260 $aNew York :$bOne World/Ballantine Books,$c2002.
300 $axxiv, 261 p. ;$c22 cm
336 $atext$btxt$2rdacontent
337 $aunmediated$bn$2rdamedia
338 $avolume$bnc$2rdacarrier
520 $aThe author, daughter of a Jewish Indian mother and a Jewish American father of Eastern European descent, describes what it was like to grow up in contrasting cultures--Midwestern America and an Israeli kibbutz--with a complex racial heritage.
526 $aAccelerated Reader$bUG$c7.3$d14$e14$z69199
600 10 $aDelman, Carmit.
650 0 $aJews$zUnited States$vBiography.
650 0 $aJews, Indian$zUnited States$vBiography.
650 0 $aJews, Indian$zIsrael$vBiography.
650 0 $aJews$zIndia$vBiography.
651 0 $aUnited States$xEthnic relations.
907 $a.b17962432$b11-30-18$c07-22-03
998 $axgc$b06-20-07$cm$da $e-$feng$gnyu$h0$i1
957 00 $aOCLC reclamation of 2017-18
907 $a.b17962432$b12-02-14$c07-22-03
956 $aNo pre-reclamation 001 field existed
994 $aE0$bSFR
998 $axgc$b06-20-07$cm$da$e-$feng$gnyu$h0$i1
999 $yMARS
998 $axgc$b07-01-03$cm$da$e-$feng$gnyu$h0$i1
945 $aB D38285a$d12-09-2018 14:34$e06-26-2018 18:08$f0$g0$h07-18-18$i31223063004296$j271$0201$k01-20-19$lxgcci$o-$p$22.95$q-$r-$s- $t0$u36$v10$w1$x1$y.i33200646$z08-08-03